01296nam a22002057a 4500008004100000040000900041082002200050100004900072240014800121245021100269260012400480300003300604500006800637500015900705500007700864504003000941650002800971650002500999856006601024190604s2019 mx 000 0 spa d aUIN  4a375.001bJ61 20191 aJiménez Moreno, José Alfonso e , autor 14aThe evaluation and accreditation of professional education in Mexico: legitimacy and competitiveness as the goal of the university?lEspañol 13aLa evaluación y acreditación de la educación profesional en Méxicob : ¿la legitimación y competitividad como fin de la universidad?c / José Alfonso Jiménez Moreno n [recurso electrónico] aMéxicob : Universidad Nacional de Baja California b , Instituto de Investigación y Desarrollo Educativo c , 2019 a18 páginas b : gráficas aEn: Revista de la Educación Superior 48 (189) 2019. pp. 55-72 aTítulo en Inglés: The evaluation and accreditation of professional education in Mexico: legitimacy and competitiveness as the goal of the university?  aEl recurso se encuentra bajo Licencia Creative Commons (Acceso Abierto)  aBibliografía: pp. 70-72 4aEVALUACIÓN CURRICULAR 4aEDUCACIÓN SUPERIOR41uhttp://resu.anuies.mx/ojs/index.php/resu/article/view/614/277